00569nam a2200157Ia 4500003000400000008004100004040001600045082001900061100003300080245011800113700002800231300001100259490003500270650004700305650005900352GCL140319s9999 xx 000 0 ara d aGCL / cGCL04a862.042bب و1 aصلاح فضل (ترجمة)10aوصول الالهة (هدية من الاديب عبدالفتاح الجمل) / cصلاح فضل (ترجمة)1 aبايخو، بويرو a233 ص aمسرحيات مختارةv004aالادب الاسبانى المترجم04aالمسرحيات الاسبانية المترجمة